000
00252nam a2200109Ia 4500
005
20251222114407.0
008
251222s1900||||xx |||||||||||||| ||spa||
082
_a
DVD0098/P26/1995
245
0
_a
Otelo
264
_b
Castle Rock Entertainment
942
_c
DVD
999
_c
1891
_d
1891